Statistiques concernant Personnages célèbres - Série 53

Cliquez ici pour prendre le quiz!

Statistiques générales

  • Ce quiz a été pris 82 fois
  • Le résultat moyen est 8 sur 15

Statistiques - réponses

Réponse% Correct
Spears
93%
Schneider
93%
Winter
93%
Solo
84%
Seagal
68%
Sisley
64%
Simone
64%
Spencer
59%
Statham
59%
Saval
51%
Soral
39%
Savalas
35%
Sellers
23%
Stack
17%
Santini
4%

Distribution des résultats

Percentile par nombre de réponses

% des personnes avec chaque résultat

Votre développement - résultats

Vous n’avez pas pris ce quiz